Places in California - Statistics

General Stats
  • This quiz has been taken 8 times
  • The average score is 9 of 23
Answers on the Grid
Answers color-coded by a green-red scale on the quiz's grid according to % correct below.
Anaheim
Berkeley
Calexico
California City
Chico
Cool
El Centro
Fresno
Good
Heber
Holtville
Irvine
Leggett
Los Angeles
Mexicali
Modesto
Napa
New York City
Paradise Valley
Phoenix
Rio de Janeiro
Rio Rancho
Rough and Ready
Sacramento
San Aneglo
San Diego
San Francisco
San Jose
San Luis
San Luna
Santa Ana
Santa Fe
Taos
Weed
Yuma
zzyzx
 
Answer Stats
Answer % Correct
Fresno
86%
Los Angeles
86%
Sacramento
86%
Napa
71%
San Diego
71%
San Francisco
71%
Anaheim
57%
Berkeley
57%
Chico
57%
Modesto
57%
San Jose
57%
Irvine
43%
Santa Ana
43%
California City
29%
Calexico
14%
El Centro
14%
Rough and Ready
14%
Weed
14%
zzyzx
14%
Cool
0%
Heber
0%
Holtville
0%
Leggett
0%
No matching quizzes found
Score Distribution
Percent of People with Each Score
Percentile by Number Answered
Your Score History
You have not taken this quiz